000 00539nam a2200181Ia 4500
008 090123s9999 xx 000 0 und d
082 _b41060
100 _aदिघे उज्वला
245 _aनृत्यमोहिनी
250 _a1
260 _bअनघा प्रकाशन
_c2007
300 _a80
600 _aदिघे उज्वला
630 _aनृत्यमोहिनी
700 _aदिघे उज्वला
730 _aनृत्यमोहिनी
942 _cBOOK
999 _c79133
_d79133